đŸŽ¶ Paroles "Douce maison" Anne Sylvestre - Statistiques

Statistiques générales
  • Ce quiz a Ă©tĂ© pris 11 fois
  • Le rĂ©sultat moyen est 341 sur 378
Statistiques - réponses
Mots % Correct
Ă 
100%
A
100%
a
100%
ai
100%
as
100%
Assez
100%
au
100%
aux
100%
avec
100%
Avec
100%
avez
100%
avoir
100%
ayant
100%
C'
100%
c'
100%
ça
100%
ce
100%
ceux
100%
clef
100%
coeur
100%
d'
100%
D'
100%
de
100%
des
100%
devant
100%
dis
100%
dit-
100%
douce,
100%
doute
100%
du
100%
Elle
100%
elle
100%
en
100%
est
100%
Et
100%
et
100%
était
100%
eux
100%
fait
100%
faut
100%
faute
100%
fenĂȘtre,
100%
fermée
100%
il
100%
Il
100%
ils
100%
Ils
100%
j'
100%
jamais
100%
jardin
100%
je
100%
jour
100%
l'
100%
La
100%
la
100%
lĂ 
100%
le
100%
les
100%
leurs
100%
lui
100%
Mais
100%
maison
100%
Maison,
100%
mĂȘme
100%
MĂȘme
100%
Moi
100%
n'
100%
ne
100%
ni
100%
Non,
100%
non,
100%
on
100%
On
100%
ouvrant
100%
ouvrir
100%
ouvrira
100%
par
100%
pas
100%
passez
100%
peu
100%
plus
100%
porte
100%
porte,
100%
pour
100%
pouvoir
100%
puisse
100%
qu'
100%
Qu'
100%
quand
100%
Quand
100%
que
100%
qui
100%
(Refrain : )
100%
(Refrain)
100%
reste
100%
s'
100%
sa
100%
sans
100%
se
100%
ses
100%
Si
100%
si
100%
soi
100%
son
100%
sont
100%
sous
100%
sur
100%
toit
100%
toujours
100%
tout
100%
tu
100%
un
100%
une
100%
vos
100%
vous
100%
Vous
100%
Advint
67%
ailleurs
67%
alarmes
67%
aloi
67%
Ăąme
67%
approcha
67%
arrĂȘte,
67%
aventures
67%
bande
67%
bien
67%
blessure
67%
bon
67%
bons
67%
cela
67%
Celles
67%
chaleur
67%
chercher
67%
choisissait
67%
commence
67%
confiance
67%
connaĂźtre
67%
coquetterie
67%
coups
67%
couteaux
67%
croire
67%
depuis
67%
dois.
67%
doit
67%
droit.
67%
effroi
67%
encourage,
67%
endroits
67%
enfoncera
67%
fenĂȘtres
67%
feu
67%
fleuri
67%
fleurir
67%
font
67%
forte,
67%
gardien
67%
gravent
67%
histoire
67%
image
67%
indigner
67%
insultes
67%
invente
67%
Juste
67%
larmes,
67%
loin
67%
malchance
67%
malheur
67%
mousse
67%
murs
67%
neuve
67%
nom
67%
obligent
67%
ouvrait
67%
paix
67%
paraĂźt
67%
parfois
67%
pénÚtrent,
67%
pénétrer
67%
pensa
67%
pieds
67%
pleurerez
67%
plusieurs
67%
prétend
67%
preuve
67%
pût
67%
raconte
67%
raconté
67%
regarder
67%
répartie
67%
respecter
67%
rien,
67%
route
67%
saccage,
67%
sage
67%
Sauvagement
67%
secours
67%
serrure
67%
serrure,
67%
sonne
67%
suffit
67%
toiture
67%
user
67%
victime,
67%
village
67%
violence
67%
violentée
67%
vivre
67%
vont
67%
braves,
33%
crime
33%
dévastant
33%
faisant
33%
isolée
33%
lance
33%
portera
33%
Aucun quiz correspondant
Distribution des résultats
% des personnes avec chaque résultat
Percentile par nombre de réponses
Votre historique - résultats
Vous n’avez pas pris ce quiz